| 000 | 00369 a2200121 4500 | ||
|---|---|---|---|
| 020 | _a0071384170 | ||
| 082 | _a388.4 GRA | ||
| 100 | _aGrava, Sigurd. | ||
| 245 |
_aUrban transportation systems : _bchoices for communities _cSigurd Grava. |
||
| 260 |
_aNew York : _bMcGraw-Hill, _c2003. |
||
| 300 |
_axxiv, 840 p. : _bill., maps ; _c25 cm. |
||
| 650 | _a transportation. | ||
| 650 | _aUrban transportation. | ||
| 999 |
_c457 _d457 |
||